[Event "World Chess Olympiad 2018"]
[Site "Batumi"]
[Date "2018.10.01"]
[Round "7"]
[Board "2"]
[WhiteFideId "15600106"]
[White "Mooney Graham"]
[BlackFideId "20800088"]
[Black "Ble Kouko Hubert"]
[Result "1-0"]
[LiveChessVersion "1.4.8"]
[BlackElo "1829"]
[WhiteElo "1892"]

1. e4 {[%clk 1:30:53]} e5 {[%clk 1:30:54]} 2. Nf3 {[%clk 1:31:11]} Nc6
{[%clk 1:31:19]} 3. Bb5 {[%clk 1:31:31]} a6 {[%clk 1:31:38]} 4. Ba4
{[%clk 1:31:51]} Nf6 {[%clk 1:31:47]} 5. O-O {[%clk 1:31:59]} Be7
{[%clk 1:32:00]} 6. Re1 {[%clk 1:32:11]} b5 {[%clk 1:32:21]} 7. Bb3
{[%clk 1:32:29]} d6 {[%clk 1:32:24]} 8. c3 {[%clk 1:30:55]} O-O {[%clk 1:32:02]}
9. h3 {[%clk 1:28:25]} Bb7 {[%clk 1:29:53]} 10. d4 {[%clk 1:27:25]} Nb8
{[%clk 1:20:31]} 11. Bc2 {[%clk 1:25:49]} Re8 {[%clk 1:18:53]} 12. Nbd2
{[%clk 1:20:23]} Bf8 {[%clk 1:13:27]} 13. Nh2 {[%clk 1:10:40]} c5
{[%clk 1:09:00]} 14. d5 {[%clk 1:06:46]} Nbd7 {[%clk 0:53:27]} 15. Ndf1
{[%clk 1:04:01]} g6 {[%clk 0:52:49]} 16. Ng3 {[%clk 0:58:29]} Bg7
{[%clk 0:52:41]} 17. Bg5 {[%clk 0:48:14]} Qe7 {[%clk 0:49:33]} 18. Qf3
{[%clk 0:41:16]} Qf8 {[%clk 0:50:00]} 19. Rad1 {[%clk 0:40:32]} Reb8
{[%clk 0:49:43]} 20. Ng4 {[%clk 0:32:27]} Nxg4 21. Qxg4 Bc8 {[%clk 0:47:55]} 22.
Qf3 {[%clk 0:24:13]} Rb7 {[%clk 0:37:59]} 23. Nf1 {[%clk 0:23:01]} h6
{[%clk 0:35:59]} 24. Bc1 {[%clk 0:22:27]} h5 {[%clk 0:32:09]} 25. Bg5
{[%clk 0:19:10]} f6 {[%clk 0:28:50]} 26. Bc1 {[%clk 0:18:27]} Qf7
{[%clk 0:27:16]} 27. Qg3 {[%clk 0:17:36]} Nf8 {[%clk 0:27:33]} 28. f4
{[%clk 0:16:22]} Nh7 {[%clk 0:27:40]} 29. Rd3 {[%clk 0:15:58]} Qe8
{[%clk 0:24:35]} 30. Rf3 {[%clk 0:14:01]} Kh8 {[%clk 0:19:28]} 31. Qh4
{[%clk 0:11:51]} Bd7 {[%clk 0:09:40]} 32. Bd2 {[%clk 0:08:36]} Qe7
{[%clk 0:07:16]} 33. f5 {[%clk 0:06:15]} gxf5 {[%clk 0:04:14]} 34. exf5
{[%clk 0:05:23]} Be8 {[%clk 0:03:58]} 35. Rg3 {[%clk 0:04:11]} Qf8
{[%clk 0:02:10]} 36. Be4 {[%clk 0:03:17]} Bh6 {[%clk 0:02:21]} 37. Bf3
{[%clk 0:03:09]} Bg5 {[%clk 0:02:26]} 38. Bxg5 {[%clk 0:01:32]} fxg5
{[%clk 0:02:48]} 39. Rxg5 {[%clk 0:01:47]} Nxg5 {[%clk 0:02:31]} 40. Qxg5
{[%clk 0:32:02]} Rh7 {[%clk 0:31:26]} 41. Ng3 {[%clk 0:30:56]} h4
{[%clk 0:27:54]} 42. Ne4 {[%clk 0:30:02]} Qh6 {[%clk 0:28:13]} 43. f6
{[%clk 0:27:22]} Bf7 {[%clk 0:21:59]} 44. Qxh6 {[%clk 0:24:22]} Rxh6
{[%clk 0:22:25]} 45. Nxd6 {[%clk 0:24:39]} Rf8 {[%clk 0:19:09]} 46. Rxe5
{[%clk 0:24:15]} Rxf6 {[%clk 0:18:58]} 47. Ne4 {[%clk 0:24:02]} Rf4
{[%clk 0:17:40]} 48. Nxc5 {[%clk 0:23:00]} Rg8 {[%clk 0:16:53]} 49. Bg4
{[%clk 0:22:50]} b4 {[%clk 0:16:54]} 50. Ne6 {[%clk 0:19:28]} Rf6
{[%clk 0:08:06]} 51. cxb4 {[%clk 0:17:08]} Rc8 {[%clk 0:08:24]} 52. Nc5
{[%clk 0:17:03]} a5 {[%clk 0:08:43]} 53. Bxc8 {[%clk 0:17:25]} axb4
{[%clk 0:09:12]} 1-0

[Event "World Chess Olympiad 2018"]
[Site "Batumi"]
[Date "2018.10.01"]
[Round "7"]
[Board "3"]
[WhiteFideId "21200203"]
[White "Kouya Tyeoulou Bernardin Franklin"]
[BlackFideId "15600289"]
[Black "Ponomarenko John"]
[Result "1-0"]
[LiveChessVersion "1.4.8"]
[BlackElo "1631"]
[WhiteElo "1753"]

1. d4 {[%clk 1:30:52]} e6 {[%clk 1:30:41]} 2. Nf3 {[%clk 1:31:11]} f5
{[%clk 1:30:58]} 3. Bf4 {[%clk 1:30:46]} Nf6 {[%clk 1:30:53]} 4. h3
{[%clk 1:31:02]} Be7 {[%clk 1:29:58]} 5. Nbd2 {[%clk 1:31:19]} O-O
{[%clk 1:29:46]} 6. e3 {[%clk 1:31:38]} Ne4 {[%clk 1:28:10]} 7. Bd3
{[%clk 1:31:36]} d5 {[%clk 1:27:48]} 8. O-O {[%clk 1:31:33]} b6 {[%clk 1:25:16]}
9. c3 {[%clk 1:31:27]} Ba6 {[%clk 1:25:07]} 10. c4 {[%clk 1:30:31]} Bb4
{[%clk 1:23:31]} 11. Rc1 {[%clk 1:30:29]} c5 {[%clk 1:18:49]} 12. Nb3
{[%clk 1:28:54]} cxd4 {[%clk 1:17:17]} 13. Nbxd4 {[%clk 1:29:06]} Qe8
{[%clk 1:15:30]} 14. a3 {[%clk 1:28:54]} Bd6 {[%clk 1:14:14]} 15. Bxd6
{[%clk 1:27:33]} Nxd6 {[%clk 1:14:20]} 16. cxd5 {[%clk 1:27:45]} Bxd3
{[%clk 1:12:31]} 17. Qxd3 {[%clk 1:28:01]} e5 {[%clk 1:11:47]} 18. Ne6
{[%clk 1:27:23]} e4 {[%clk 1:11:16]} 19. Qd4 {[%clk 1:27:22]} Rf6
{[%clk 1:08:09]} 20. Nfg5 {[%clk 1:24:14]} Nd7 {[%clk 1:04:37]} 21. Nc7
{[%clk 1:24:17]} Qg6 {[%clk 1:02:48]} 22. Nxa8 {[%clk 1:23:41]} Qxg5
{[%clk 1:02:55]} 23. Rc7 {[%clk 1:23:27]} Rg6 {[%clk 1:02:49]} 24. g3
{[%clk 1:23:47]} Nb5 {[%clk 1:01:25]} 25. Rc8+ {[%clk 1:22:35]} Kf7
{[%clk 0:58:47]} 26. Qa4 {[%clk 1:22:42]} Qh4 {[%clk 0:58:42]} 27. Kh2
{[%clk 1:21:35]} Qh5 {[%clk 0:57:29]} 28. Qxb5 {[%clk 1:21:36]} Nf6
{[%clk 0:57:23]} 29. Rfc1 {[%clk 1:20:11]} Ng4+ {[%clk 0:56:56]} 30. Kg2
{[%clk 1:20:13]} Nxe3+ {[%clk 0:57:06]} 31. Kg1 {[%clk 1:20:01]} Qxh3
{[%clk 0:54:55]} 32. Qd7+ {[%clk 1:19:17]} Kf6 {[%clk 0:54:55]} 33. Qd6+
{[%clk 1:17:55]} Kg5 {[%clk 0:54:34]} 34. Qf4+ {[%clk 1:17:26]} Kh5
{[%clk 0:54:52]} 35. Qxe3 {[%clk 1:17:31]} Rg4 {[%clk 0:53:45]} 36. Re8
{[%clk 1:15:36]} g5 {[%clk 0:53:07]} 37. Re6 {[%clk 1:15:07]} h6 {[%clk 0:52:30]}
38. Rcc6 {[%clk 1:15:09]} Rxg3+ {[%clk 0:50:43]} 39. Qxg3 {[%clk 1:15:20]} 1-0

[Event "World Chess Olympiad 2018"]
[Site "Batumi"]
[Date "2018.10.01"]
[Round "7"]
[Board "1"]
[WhiteFideId "20500220"]
[White "Mphungu Gerrard"]
[BlackFideId "8102368"]
[Black "Moayed Obied"]
[Result "1-0"]
[LiveChessVersion "1.4.8"]
[BlackElo "2125"]
[WhiteElo "2091"]

1. d4 {[%clk 1:30:46]} Nf6 {[%clk 1:30:40]} 2. c4 {[%clk 1:31:12]} e6
{[%clk 1:30:57]} 3. Nc3 {[%clk 1:31:37]} d5 {[%clk 1:31:21]} 4. Bg5
{[%clk 1:32:04]} Be7 {[%clk 1:31:26]} 5. e3 {[%clk 1:32:30]} O-O {[%clk 1:31:48]}
6. Nf3 {[%clk 1:32:58]} c6 {[%clk 1:31:26]} 7. Rc1 {[%clk 1:33:19]} Nbd7
{[%clk 1:31:31]} 8. Bd3 {[%clk 1:33:33]} dxc4 {[%clk 1:31:19]} 9. Bxc4
{[%clk 1:33:59]} Nd5 {[%clk 1:31:35]} 10. Bxe7 {[%clk 1:34:24]} Qxe7
{[%clk 1:31:59]} 11. O-O {[%clk 1:34:51]} Nxc3 {[%clk 1:32:18]} 12. Rxc3
{[%clk 1:35:17]} e5 {[%clk 1:32:39]} 13. dxe5 {[%clk 1:34:25]} Nxe5
{[%clk 1:30:38]} 14. Nxe5 {[%clk 1:34:50]} Qxe5 {[%clk 1:30:58]} 15. f4
{[%clk 1:35:16]} Qe4 {[%clk 1:30:54]} 16. Kh1 {[%clk 1:21:25]} Bh3
{[%clk 1:18:09]} 17. Qe2 {[%clk 1:20:54]} Rad8 {[%clk 1:17:03]} 18. Bb3
{[%clk 1:18:35]} Bf5 {[%clk 1:10:36]} 19. Bc2 {[%clk 1:15:30]} Qe6
{[%clk 1:10:51]} 20. e4 {[%clk 0:56:30]} Rfe8 {[%clk 1:05:56]} 21. Re3
{[%clk 0:56:34]} Qe7 {[%clk 1:01:27]} 22. Re1 {[%clk 0:55:50]} Bc8
{[%clk 0:56:59]} 23. e5 {[%clk 0:43:21]} g6 {[%clk 0:48:41]} 24. f5
{[%clk 0:35:33]} Bxf5 {[%clk 0:43:36]} 25. Bxf5 {[%clk 0:35:43]} gxf5
{[%clk 0:44:04]} 26. Qh5 {[%clk 0:35:48]} Kh8 {[%clk 0:38:10]} 27. Qxf5
{[%clk 0:29:27]} Qe6 {[%clk 0:36:40]} 28. Qf2 {[%clk 0:28:58]} Rd7
{[%clk 0:31:05]} 29. h3 {[%clk 0:26:51]} Rde7 {[%clk 0:25:28]} 30. Rd1
{[%clk 0:24:50]} Qh6 {[%clk 0:19:12]} 31. Rd6 {[%clk 0:22:30]} Qg5
{[%clk 0:12:25]} 32. h4 {[%clk 0:22:23]} Qg7 {[%clk 0:11:21]} 33. Rf6
{[%clk 0:10:27]} Rg8 {[%clk 0:04:22]} 34. e6 {[%clk 0:04:38]} fxe6
{[%clk 0:03:39]} 35. Ref3 {[%clk 0:04:39]} Qg4 {[%clk 0:02:02]} 36. Rf7
{[%clk 0:04:46]} Rxf7 {[%clk 0:01:15]} 37. Rxf7 {[%clk 0:05:10]} Rg7
{[%clk 0:00:47]} 38. Rf8+ {[%clk 0:02:17]} Rg8 {[%clk 0:01:16]} 39. Qf6+
{[%clk 0:02:28]} Qg7 {[%clk 0:01:41]} 40. Rxg8+ {[%clk 0:32:41]} Kxg8
{[%clk 0:32:05]} 41. Qxe6+ {[%clk 0:33:06]} Qf7 {[%clk 0:31:59]} 42. Qg4+
{[%clk 0:27:31]} Kf8 {[%clk 0:31:51]} 43. b3 {[%clk 0:25:22]} a6 {[%clk 0:27:00]}
44. Qd4 {[%clk 0:23:39]} Kg8 {[%clk 0:25:00]} 45. Qe4 {[%clk 0:23:06]} Qd7
{[%clk 0:24:03]} 46. Kh2 {[%clk 0:23:10]} Qd6+ {[%clk 0:22:09]} 47. Kh3
{[%clk 0:23:15]} Qc7 {[%clk 0:17:12]} 48. g4 {[%clk 0:20:13]} Qf7
{[%clk 0:15:18]} 49. g5 {[%clk 0:17:51]} Qf1+ {[%clk 0:14:10]} 50. Kg4
{[%clk 0:15:52]} Qd1+ {[%clk 0:12:46]} 51. Kf5 {[%clk 0:15:38]} Qf1+
{[%clk 0:11:54]} 52. Ke6 {[%clk 0:10:46]} Qf2 {[%clk 0:05:49]} 53. Ke7
{[%clk 0:06:37]} Qc5+ {[%clk 0:06:05]} 54. Ke8 {[%clk 0:06:49]} Qd5
{[%clk 0:05:21]} 55. Qe7 {[%clk 0:07:00]} Qf5 {[%clk 0:04:28]} 56. Qxb7
{[%clk 0:05:59]} Qe4+ {[%clk 0:03:29]} 57. Qe7 {[%clk 0:06:01]} Qg6+
{[%clk 0:01:33]} 58. Kd7 {[%clk 0:05:39]} Qd3+ {[%clk 0:01:22]} 59. Qd6
{[%clk 0:05:29]} Qc2 {[%clk 0:00:54]} 60. Qe6+ {[%clk 0:04:35]} Kg7
{[%clk 0:00:54]} 61. Qxc6 {[%clk 0:02:37]} Qxa2 {[%clk 0:01:21]} 62. Qf6+
{[%clk 0:02:41]} Kg8 {[%clk 0:01:48]} 63. Qe6+ {[%clk 0:02:53]} Kg7
{[%clk 0:02:09]} 64. Ke8 {[%clk 0:03:17]} Qf2 {[%clk 0:01:27]} 65. h5
{[%clk 0:03:12]} Qf8+ {[%clk 0:01:26]} 66. Kd7 {[%clk 0:03:39]} Qb8
{[%clk 0:00:39]} 67. h6+ {[%clk 0:03:37]} Kf8 {[%clk 0:00:38]} 68. Qf6+
{[%clk 0:03:10]} Kg8 {[%clk 0:01:07]} 69. Qg7# {[%clk 0:03:37]} 1-0

[Event "World Chess Olympiad 2018"]
[Site "Batumi"]
[Date "2018.10.01"]
[Round "7"]
[Board "2"]
[WhiteFideId "8103178"]
[White "Ahmad Al Khatib"]
[BlackFideId "20500254"]
[Black "Mwale George"]
[Result "1/2-1/2"]
[LiveChessVersion "1.4.8"]
[BlackElo "2000"]
[WhiteElo "2355"]

1. Nf3 {[%clk 1:30:38]} Nf6 {[%clk 1:30:53]} 2. g3 {[%clk 1:31:02]} g6
{[%clk 1:31:13]} 3. Bg2 {[%clk 1:31:23]} Bg7 {[%clk 1:31:42]} 4. O-O
{[%clk 1:31:44]} O-O {[%clk 1:31:59]} 5. d4 {[%clk 1:31:35]} d5 {[%clk 1:32:22]}
6. c4 {[%clk 1:30:34]} c6 {[%clk 1:32:29]} 7. cxd5 {[%clk 1:30:16]} cxd5
{[%clk 1:32:36]} 8. Nc3 {[%clk 1:30:41]} Nc6 {[%clk 1:32:54]} 9. Ne5
{[%clk 1:30:57]} e6 {[%clk 1:31:30]} 10. Nxc6 {[%clk 1:30:13]} bxc6
{[%clk 1:31:58]} 11. Bf4 {[%clk 1:29:56]} Nh5 {[%clk 1:31:00]} 12. Be3
{[%clk 1:30:14]} Rb8 {[%clk 1:28:27]} 13. Na4 {[%clk 1:29:26]} Qa5
{[%clk 1:23:13]} 14. Rc1 {[%clk 1:24:27]} Ba6 {[%clk 1:18:32]} 15. b3
{[%clk 1:17:43]} Bb5 {[%clk 1:14:43]} 16. Nc5 {[%clk 0:57:50]} Rfd8
{[%clk 0:57:45]} 17. a4 {[%clk 0:43:48]} Ba6 {[%clk 0:57:39]} 18. Bf3
{[%clk 0:43:22]} Bc8 {[%clk 0:47:29]} 19. Bxh5 {[%clk 0:39:40]} gxh5
{[%clk 0:47:56]} 20. Bf4 {[%clk 0:40:13]} Ra8 {[%clk 0:43:05]} 21. e3
{[%clk 0:40:11]} e5 {[%clk 0:42:16]} 22. Bxe5 {[%clk 0:39:11]} f6
{[%clk 0:39:57]} 23. Bf4 {[%clk 0:38:43]} Bg4 {[%clk 0:40:09]} 24. f3
{[%clk 0:37:35]} Bh3 {[%clk 0:40:26]} 25. Nb7 {[%clk 0:35:29]} Qb6
{[%clk 0:39:50]} 26. Nxd8 {[%clk 0:35:49]} Rxd8 {[%clk 0:38:12]} 27. Rf2
{[%clk 0:35:27]} Bf5 {[%clk 0:36:44]} 28. Rb2 {[%clk 0:33:25]} a5
{[%clk 0:36:44]} 29. Rc3 {[%clk 0:16:54]} Bf8 {[%clk 0:36:41]} 30. Rbc2
{[%clk 0:16:23]} Rc8 {[%clk 0:34:04]} 31. Qc1 {[%clk 0:15:35]} Bxc2
{[%clk 0:34:08]} 32. Qxc2 {[%clk 0:15:57]} Bb4 {[%clk 0:32:04]} 33. Qf5
{[%clk 0:14:32]} Bxc3 {[%clk 0:30:17]} 34. Qxc8+ {[%clk 0:14:29]} Kf7
{[%clk 0:30:33]} 35. Qd7+ {[%clk 0:14:30]} Kg6 {[%clk 0:30:25]} 36. Qe8+
{[%clk 0:14:33]} Kg7 {[%clk 0:29:31]} 37. Bh6+ {[%clk 0:12:23]} Kxh6
{[%clk 0:26:17]} 38. Qf8+ {[%clk 0:12:46]} Kg6 {[%clk 0:25:06]} 39. Qg8+
{[%clk 0:13:11]} Kh6 {[%clk 0:24:45]} 40. Qf8+ {[%clk 0:33:22]} Kg6
{[%clk 0:54:52]} 41. Qe8+ {[%clk 0:18:34]} Kh6 {[%clk 0:46:12]} 42. Qf8+
{[%clk 0:17:33]} Kg6 {[%clk 0:46:25]} 43. Qg8+ {[%clk 0:17:29]} Kh6
{[%clk 0:46:37]} 44. Qf8+ {[%clk 0:16:40]} Kg6 {[%clk 0:46:28]} 45. Qe8+
{[%clk 0:14:48]} Kh6 {[%clk 0:46:29]} 46. Qf8+ {[%clk 0:00:35]} Kg6
{[%clk 0:41:35]} 47. Qe8+ {[%clk 0:00:34]} Kh6 {[%clk 0:31:34]} 48. Qf8+
{[%clk 0:00:34]} Kg6 {[%clk 0:06:05]} 49. Qe8+ {[%clk 0:00:53]} Kh6
{[%clk 0:06:17]} 50. Qf8+ {[%clk 0:00:53]} Kg6 {[%clk 0:06:07]} 51. Qe8+
{[%clk 0:01:14]} Kh6 {[%clk 0:06:16]} 52. Qf8+ {[%clk 0:01:39]} Kg6
{[%clk 0:06:30]} 53. Qg8+ {[%clk 0:02:00]} Kh6 {[%clk 0:06:47]} 54. Qf8+
{[%clk 0:02:27]} Kg6 {[%clk 0:07:05]} 55. Qe8+ {[%clk 0:00:53]} Kh6
{[%clk 0:05:45]} 56. Qf8+ {[%clk 0:00:41]} Kg6 {[%clk 0:05:25]} 57. Qe8+
{[%clk 0:01:06]} Kh6 {[%clk 0:05:30]} 58. Qf8+ {[%clk 0:00:54]} Kg6
{[%clk 0:05:43]} 59. Qe8+ {[%clk 0:01:04]} Kh6 {[%clk 0:05:58]} 60. Qf8+
{[%clk 0:00:38]} Kg6 {[%clk 0:06:25]} 61. Qe8+ {[%clk 0:00:46]} Kh6
{[%clk 0:06:33]} 62. Qf8+ {[%clk 0:00:39]} Kg6 {[%clk 0:06:49]} 63. Qe8+
{[%clk 0:00:36]} Kh6 {[%clk 0:07:07]} 64. Qf8+ {[%clk 0:00:34]} Kg6
{[%clk 0:06:18]} 65. Qe8+ {[%clk 0:00:55]} Kh6 {[%clk 0:06:22]} 66. Qf8+
{[%clk 0:01:00]} Kg6 {[%clk 0:06:40]} 67. Qe8+ {[%clk 0:01:14]} Kh6
{[%clk 0:06:53]} 68. Qf8+ {[%clk 0:00:37]} 1/2-1/2

[Event "World Chess Olympiad 2018"]
[Site "Batumi"]
[Date "2018.10.01"]
[Round "7"]
[Board "3"]
[WhiteFideId "16400135"]
[White "Mwale Joseph"]
[BlackFideId "7600437"]
[Black "Issa Rafat"]
[Result "1/2-1/2"]
[LiveChessVersion "1.4.8"]
[BlackElo "2388"]
[WhiteElo "2231"]

1. Nf3 {[%clk 1:30:58]} Nf6 {[%clk 1:30:19]} 2. g3 {[%clk 1:31:24]} g6
{[%clk 1:30:25]} 3. b4 {[%clk 1:31:49]} a5 {[%clk 1:30:10]} 4. b5
{[%clk 1:32:14]} Bg7 {[%clk 1:30:06]} 5. Bb2 {[%clk 1:32:40]} O-O
{[%clk 1:30:20]} 6. Bg2 {[%clk 1:32:49]} d6 {[%clk 1:29:54]} 7. O-O
{[%clk 1:33:09]} e5 {[%clk 1:29:55]} 8. c4 {[%clk 1:31:22]} Re8 {[%clk 1:28:59]}
9. d3 {[%clk 1:30:50]} Nbd7 {[%clk 1:29:09]} 10. e3 {[%clk 1:30:52]} Nb6
{[%clk 1:22:06]} 11. Ng5 {[%clk 1:29:31]} h6 {[%clk 1:10:52]} 12. Ne4
{[%clk 1:29:45]} Nfd7 {[%clk 1:11:13]} 13. Nbc3 f5 {[%clk 1:11:06]} 14. Nd2
{[%clk 1:26:48]} Nc5 {[%clk 1:09:48]} 15. Qc2 {[%clk 1:25:54]} Bd7
{[%clk 1:08:24]} 16. Nd5 {[%clk 1:22:46]} c6 {[%clk 0:56:56]} 17. bxc6
{[%clk 1:21:50]} Bxc6 {[%clk 0:56:37]} 18. Nxb6 {[%clk 1:17:51]} Qxb6
{[%clk 0:56:41]} 19. Rab1 {[%clk 1:17:50]} Bxg2 {[%clk 0:51:59]} 20. Kxg2
{[%clk 1:17:09]} Qc6+ {[%clk 0:52:20]} 21. Kg1 {[%clk 1:17:16]} Ne6
{[%clk 0:52:12]} 22. Qd1 {[%clk 1:13:50]} d5 {[%clk 0:48:34]} 23. cxd5
{[%clk 1:11:01]} Qxd5 {[%clk 0:48:50]} 24. Qb3 {[%clk 1:11:25]} Rad8
{[%clk 0:44:22]} 25. Qxd5 {[%clk 1:06:26]} Rxd5 {[%clk 0:44:43]} 26. Nc4
{[%clk 1:03:23]} Nc5 {[%clk 0:35:21]} 27. Nxa5 {[%clk 1:02:39]} Ra8
{[%clk 0:34:22]} 28. Nc4 {[%clk 0:49:25]} Rxa2 {[%clk 0:33:33]} 29. Bxe5
{[%clk 0:49:17]} Rxd3 {[%clk 0:08:16]} 30. Bxg7 {[%clk 0:49:36]} Kxg7
{[%clk 0:08:28]} 31. Rb5 {[%clk 0:49:57]} Rc3 {[%clk 0:03:59]} 32. Rxc5
{[%clk 0:50:05]} Rac2 {[%clk 0:04:26]} 33. Rb1 {[%clk 0:47:24]} Rxc4
{[%clk 0:04:50]} 34. Rxb7+ {[%clk 0:47:44]} Kf6 {[%clk 0:05:08]} 35. Rb6+
{[%clk 0:47:35]} Kg5 {[%clk 0:05:21]} 36. Ra5 {[%clk 0:47:36]} Rc6
{[%clk 0:05:37]} 37. Rxc6 {[%clk 0:46:04]} Rxc6 {[%clk 0:06:06]} 38. e4
{[%clk 0:46:27]} Re6 {[%clk 0:05:53]} 39. exf5 {[%clk 0:46:41]} gxf5
{[%clk 0:06:19]} 40. Kg2 {[%clk 1:16:58]} Kg6 {[%clk 0:36:35]} 41. Kf3
{[%clk 1:15:11]} Rb6 {[%clk 0:30:11]} 42. Ra3 {[%clk 1:09:55]} Kg5
{[%clk 0:30:15]} 43. h4+ {[%clk 1:09:47]} Kg6 {[%clk 0:30:36]} 44. Ra4
{[%clk 1:09:22]} Rc6 {[%clk 0:30:36]} 45. Kf4 {[%clk 1:08:10]} Rb6
{[%clk 0:30:28]} 46. Rd4 {[%clk 1:08:04]} Kf6 {[%clk 0:30:05]} 47. Kf3
{[%clk 1:05:13]} Rb3+ {[%clk 0:30:19]} 48. Kg2 {[%clk 1:05:29]} Rb6
{[%clk 0:30:15]} 49. Kh3 {[%clk 1:05:36]} Ra6 {[%clk 0:29:30]} 50. Rb4
{[%clk 1:04:35]} Rc6 {[%clk 0:29:26]} 51. Rb8 {[%clk 1:01:55]} Ra6
{[%clk 0:27:53]} 52. Rf8+ {[%clk 0:59:12]} Kg6 {[%clk 0:28:12]} 53. h5+
{[%clk 0:59:06]} Kxh5 {[%clk 0:28:06]} 54. Rxf5+ {[%clk 0:59:27]} Kg6
{[%clk 0:28:21]} 55. Rb5 {[%clk 0:59:51]} Rc6 {[%clk 0:22:21]} 56. Kg4
{[%clk 0:58:22]} Rc4+ {[%clk 0:22:04]} 57. f4 {[%clk 0:58:29]} Rc6
{[%clk 0:22:30]} 58. Kh4 {[%clk 0:58:34]} Rc1 {[%clk 0:21:05]} 59. Rb6+
{[%clk 0:58:30]} Kf5 {[%clk 0:21:27]} 60. Kh3 {[%clk 0:58:43]} Ra1
{[%clk 0:17:54]} 61. Rb5+ {[%clk 0:55:01]} Kg6 {[%clk 0:18:09]} 62. Kg4
{[%clk 0:53:31]} Ra6 {[%clk 0:18:33]} 63. Re5 {[%clk 0:51:42]} Rb6
{[%clk 0:18:42]} 64. Kf3 {[%clk 0:48:32]} Rb3+ {[%clk 0:18:50]} 65. Kg4
{[%clk 0:48:25]} Rb6 {[%clk 0:19:13]} 66. Re3 {[%clk 0:48:53]} Ra6
{[%clk 0:19:22]} 67. Kf3 {[%clk 0:49:03]} Rb6 {[%clk 0:19:30]} 68. g4
{[%clk 0:48:17]} Ra6 {[%clk 0:19:39]} 69. Kg3 {[%clk 0:48:31]} Kf6
{[%clk 0:19:14]} 70. Rb3 {[%clk 0:48:31]} Rc6 {[%clk 0:19:03]} 71. Kh4
{[%clk 0:48:50]} Rc1 {[%clk 0:19:23]} 72. Rh3 {[%clk 0:46:15]} Rc4
{[%clk 0:12:58]} 73. Rf3 {[%clk 0:44:37]} Ra4 {[%clk 0:12:45]} 74. Kh5
{[%clk 0:42:04]} Ra1 {[%clk 0:11:05]} 75. Rh3 {[%clk 0:41:03]} Kg7
{[%clk 0:11:17]} 76. Kh4 {[%clk 0:38:25]} Kg6 {[%clk 0:11:21]} 77. f5+
{[%clk 0:37:03]} Kf6 {[%clk 0:10:32]} 78. Kh5 {[%clk 0:34:02]} Kg7
{[%clk 0:11:00]} 79. Rh2 {[%clk 0:22:40]} Rb1 {[%clk 0:10:21]} 80. Kh4
{[%clk 0:22:10]} Kf6 {[%clk 0:10:01]} 81. Rc2 {[%clk 0:22:27]} Rh1+
{[%clk 0:09:33]} 82. Kg3 {[%clk 0:22:53]} Rg1+ {[%clk 0:09:58]} 83. Kf3
{[%clk 0:23:11]} Rf1+ {[%clk 0:08:52]} 84. Kg2 {[%clk 0:23:15]} Ra1
{[%clk 0:08:27]} 85. Rc6+ {[%clk 0:22:00]} Kg7 {[%clk 0:08:46]} 86. Kg3
{[%clk 0:21:42]} Ra3+ {[%clk 0:08:28]} 87. Kf4 {[%clk 0:21:42]} Ra4+
{[%clk 0:08:43]} 88. Ke5 {[%clk 0:18:42]} Rxg4 {[%clk 0:08:42]} 89. Rc7+
{[%clk 0:19:03]} Kg8 {[%clk 0:08:54]} 90. Ke6 {[%clk 0:17:19]} Re4+
{[%clk 0:07:55]} 91. Kf6 {[%clk 0:17:39]} h5 {[%clk 0:07:14]} 92. Rg7+
{[%clk 0:16:30]} Kh8 {[%clk 0:07:42]} 93. Rg5 {[%clk 0:16:52]} Ra4
{[%clk 0:07:58]} 94. Kg6 {[%clk 0:16:52]} Kg8 {[%clk 0:07:02]} 95. Rxh5
{[%clk 0:16:40]} Ra1 {[%clk 0:06:33]} 96. Rh2 {[%clk 0:15:36]} Rg1+
{[%clk 0:05:45]} 97. Kf6 {[%clk 0:15:57]} Rg7 {[%clk 0:05:24]} 98. Rb2
{[%clk 0:15:42]} Rf7+ {[%clk 0:03:08]} 99. Ke6 {[%clk 0:15:35]} Kg7
{[%clk 0:03:18]} 100. Rg2+ {[%clk 0:15:29]} Kf8 {[%clk 0:03:47]} 101. f6
{[%clk 0:15:35]} Ra7 {[%clk 0:04:04]} 102. Rb2 {[%clk 0:15:58]} Ra6+
{[%clk 0:04:28]} 103. Kf5 {[%clk 0:15:51]} Ra1 {[%clk 0:04:28]} 104. Rg2
{[%clk 0:15:51]} Rf1+ {[%clk 0:04:28]} 105. Kg6 {[%clk 0:15:51]} Ra1
{[%clk 0:05:06]} 106. Rg3 {[%clk 0:14:44]} Rb1 {[%clk 0:05:26]} 107. Rf3
{[%clk 0:15:06]} Rg1+ {[%clk 0:05:42]} 108. Kf5 {[%clk 0:15:28]} Kf7
{[%clk 0:06:03]} 109. Rf2 {[%clk 0:15:50]} Rg6 {[%clk 0:06:16]} 110. Ke5
{[%clk 0:16:14]} Rg5+ {[%clk 0:06:31]} 111. Ke4 {[%clk 0:16:15]} Ra5
{[%clk 0:06:54]} 112. Rf1 {[%clk 0:16:08]} Ra6 {[%clk 0:07:17]} 1/2-1/2

[Event "World Chess Olympiad 2018"]
[Site "Batumi"]
[Date "2018.10.01"]
[Round "7"]
[Board "4"]
[WhiteFideId "8100500"]
[White "Khader Sami"]
[BlackFideId "20500882"]
[Black "Chiona Richard"]
[Result "1-0"]
[LiveChessVersion "1.4.8"]
[BlackElo "1900"]
[WhiteElo "2405"]

1. e4 {[%clk 1:30:55]} d6 {[%clk 1:30:44]} 2. d4 {[%clk 1:31:19]} Nf6
{[%clk 1:31:10]} 3. Nc3 {[%clk 1:31:38]} g6 {[%clk 1:31:24]} 4. Bc4
{[%clk 1:31:12]} Bg7 {[%clk 1:31:50]} 5. Bg5 {[%clk 1:30:29]} c6 {[%clk 1:31:50]}
6. Qe2 {[%clk 1:28:09]} O-O {[%clk 1:31:31]} 7. Nf3 {[%clk 1:23:05]} Bg4
{[%clk 1:30:00]} 8. h3 {[%clk 1:20:05]} Bxf3 {[%clk 1:25:54]} 9. Qxf3
{[%clk 1:20:29]} Nbd7 {[%clk 1:20:03]} 10. O-O {[%clk 1:19:05]} Qb6
{[%clk 1:18:43]} 11. Qd3 {[%clk 1:17:50]} Rad8 {[%clk 1:16:43]} 12. a4
{[%clk 1:14:38]} a5 {[%clk 1:14:51]} 13. Be3 {[%clk 1:12:58]} Qc7
{[%clk 1:14:41]} 14. Rad1 {[%clk 1:08:58]} e6 {[%clk 1:03:01]} 15. Ba2
{[%clk 1:08:05]} Kh8 {[%clk 1:00:16]} 16. f4 {[%clk 1:05:35]} d5 {[%clk 0:56:12]}
17. e5 {[%clk 1:05:25]} Ng8 {[%clk 0:56:08]} 18. Nb1 {[%clk 1:01:02]} Ne7
{[%clk 0:54:26]} 19. Bf2 {[%clk 0:59:08]} Rc8 {[%clk 0:53:59]} 20. Na3
{[%clk 0:56:44]} Rfe8 {[%clk 0:49:44]} 21. Be1 {[%clk 0:56:19]} Bf8
{[%clk 0:49:53]} 22. c3 {[%clk 0:51:56]} b6 {[%clk 0:46:42]} 23. Nc2
{[%clk 0:50:43]} Bg7 {[%clk 0:46:11]} 24. Bb1 {[%clk 0:48:35]} Rb8
{[%clk 0:43:34]} 25. Ne3 {[%clk 0:48:18]} Nf5 {[%clk 0:43:38]} 26. g4
{[%clk 0:45:54]} Nxe3 {[%clk 0:43:39]} 27. Qxe3 {[%clk 0:46:21]} b5
{[%clk 0:39:53]} 28. axb5 {[%clk 0:43:26]} Rxb5 {[%clk 0:39:53]} 29. b4
{[%clk 0:43:37]} axb4 {[%clk 0:39:38]} 30. cxb4 {[%clk 0:44:02]} Bf8
{[%clk 0:39:39]} 31. f5 {[%clk 0:43:17]} exf5 {[%clk 0:33:05]} 32. gxf5
{[%clk 0:43:19]} Bg7 {[%clk 0:29:43]} 33. Bg3 {[%clk 0:38:29]} Qb6
{[%clk 0:21:25]} 34. fxg6 {[%clk 0:37:24]} fxg6 {[%clk 0:21:24]} 35. Rf7
{[%clk 0:36:06]} Nf8 {[%clk 0:20:33]} 36. e6 {[%clk 0:34:57]} Nxe6
{[%clk 0:15:14]} 37. Be5 {[%clk 0:34:59]} Rxb4 {[%clk 0:08:01]} 38. Bxg6
{[%clk 0:31:41]} Rxd4 {[%clk 0:05:53]} 39. Rxd4 {[%clk 0:29:59]} Ra8
{[%clk 0:01:36]} 40. Bd3 {[%clk 0:52:44]} Rg8 1-0